Estatísticas para PAISES com mais longas FRONTEIRAS terrestres

Clique aqui para jogar o quiz

Estatísticas Gerais

  • Esse quiz foi jogado 397 vezes
    (395 desde o último reset)
  • A pontuação média é 15 de 20

Estatísticas das Respostas

Fronteira (Km)Pais% Correto
20 017Russia
100%
14 691Brasil
99%
22 117China
98%
12 034EUA
98%
8 893Canada
96%
9 665Argentina
92%
14 103India
91%
12 012Cazaquistao
89%
10 730R. D. Congo
85%
6 343Argelia
83%
6 171Chile
83%
8 220Mongolia
83%
6 751Sudao
72%
6 743Bolivia
67%
5 968Chade
66%
6 774Paquistao
66%
6 004Colombia
64%
7 243Mali
55%
5 876Myanmar
13%
6 221Usbequistao
10%

Distribuição das Pontuações

Percentil de Números Respondidos

Porcentagem de Pessoas com Cada Pontuação

Sua Pontuação Histórica

Você não jogou esse quiz desde o último reset